MARC

LEADER 00000nam0a2200000 4500
001 292334
005 20231102000502.0
035 |a (RuTPU)RU\TPU\book\316949 
090 |a 292334 
100 |a 20150421d1965 k y0rusy50 ca 
101 0 |a rus 
102 |a RU 
105 |a a z 001zy 
200 1 |a Экономическая эффективность технического перевооружения машиностроительного завода  |f Л. И. Андронов 
210 |a Москва  |c Машиностроение  |d 1965 
215 |a 183 с.  |c ил. 
320 |a Библиогр.: с. 180-181. 
606 1 |a Машиностроение  |x Внедрение передовой технологии и техники  |x Экономическая эффективность  |2 stltpush  |3 (RuTPU)RU\TPU\subj\41432  |9 61223 
610 1 |a техническое перевооружение 
610 1 |a оценка 
610 1 |a надежность 
610 1 |a долговечность 
610 1 |a экономическое прогнозирование 
610 1 |a типизация 
610 1 |a комплексная автоматизация 
675 |a 621.002:658.589.001.46  |v 3 
700 1 |a Андронов  |b Л. И. 
801 1 |a RU  |b 63413507  |c 20150421 
801 2 |a RU  |b 63413507  |c 20220415  |g RCR 
942 |c BK